Представление документа в формате MARC21

Поле Инд. ПП Название Значение
Тип записи a
Библиографический уровень m
001 Контрольный номер 4089f877642948bb940ba570a9f2c241
005 Дата корректировки 20240621104403.4
084 a Индекс другой классификации/Индекс ББК 88
091 i Возрастная адресация (DOS) 16+
097 b Оператор Чирова
245 10 a Заглавие PSYCHOLOGIES / Психолоджис
n Номер части/ раздела 77
260 c Дата издания 2024
500 a Примечание март
900 a Имя макрообъекта E0041D100130FB81
901 t Тип документа s